Tallest Wooden Rollercoasters Quiz Stats

 Plays Quiz not verified by Sporcle

Also try: 'A' Game
Challenge
Share
Tweet
Embed
Score 0/15 Timer 10:00
0 Plays Today
Height Rollercoaster % Correct
181'El Toro
90.6%
161'Mean Streak
84.4%
196' 10'Colossos
79.7%
125'Colossus
79.7%
163'Voyage
78.1%
122'Shivering Timbers
76.6%
136'Hades
70.3%
122'Boss
67.2%
Height Rollercoaster % Correct
127'American Eagle
59.4%
183' 9'T Express
50%
130' 11'Monstre
46.9%
139'White Cyclone
37.5%
131' 3'Wodan Timbur Coaster
32.8%
147'Wood Coaster
28.1%
120' 5'Regina
17.2%

You're not logged in!

Compare scores with friends on all Sporcle quizzes.
Join for Free
OR
Log In

You Might Also Like...

Show Comments

Extras

Top Quizzes Today


Score Distribution

Your Account Isn't Verified!

In order to create a playlist on Sporcle, you need to verify the email address you used during registration. Go to your Sporcle Settings to finish the process.

Report this User

Report this user for behavior that violates our Community Guidelines.

Details: